Essays for Colin Taper. / (Record no. 4842)

MARC details
000 -LEADER
fixed length control field 01150nam a22001697a 4500
008 - FIXED-LENGTH DATA ELEMENTS--GENERAL INFORMATION
fixed length control field 140916b xxu||||| |||| 00| 0 eng d
020 ## - INTERNATIONAL STANDARD BOOK NUMBER
International Standard Book Number 0406964394
050 ## - LIBRARY OF CONGRESS CALL NUMBER
Classification number K2261.T37
245 ## - TITLE STATEMENT
Title Essays for Colin Taper. /
Statement of responsibility, etc. edited by Peter Mirfield and Roger Smith
260 ## - PUBLICATION, DISTRIBUTION, ETC.
Place of publication, distribution, etc. London:
Name of publisher, distributor, etc. Reed Elsevier Ltd,
Date of publication, distribution, etc. 2003.
300 ## - PHYSICAL DESCRIPTION
Extent xxxi, 223p.
Dimensions 25cm.
500 ## - GENERAL NOTE
General note Includes index
505 ## - FORMATTED CONTENTS NOTE
Formatted contents note Contents: Silence, lies and vicious circularity -- Approaches to similar fact evidence: England and Australia -- Implications of the human right rationale for legal professional privilege-the demise of implied statutory abrogation? -- Legal proof of knowledge -- Empirical evaluation of the hearsay rule -- Exploring the integrity principle in evidence and procedure -- Silence, innocence and human rights -- The Policies of legal information services: a perspective of three decades -- Information technology and the criminal justice system -- Defining and rewarding invention: a review and a modest proposal for patent law -- Cumulation and convergence of intellectual property rights.
700 ## - ADDED ENTRY--PERSONAL NAME
Personal name Mirfield, Peter
700 ## - ADDED ENTRY--PERSONAL NAME
Personal name Smith, Roger
942 ## - ADDED ENTRY ELEMENTS (KOHA)
Source of classification or shelving scheme Library of Congress Classification
Koha item type Books
Holdings
Withdrawn status Lost status Source of classification or shelving scheme Damaged status Not for loan Home library Current library Shelving location Date acquired Total Checkouts Full call number Barcode Date last seen Price effective from Koha item type
    Library of Congress Classification     WISCONSIN INTERNATIONAL UNIVERSITY COLLEGE, GHANA - MAIN LIBRARY WISCONSIN INTERNATIONAL UNIVERSITY COLLEGE, GHANA - MAIN LIBRARY Law Library 16/09/2014   K2261.T37 0160/13 16/09/2014 16/09/2014 Books

If you have any concerns or questions; kindly contact the library


© Powered by WIUC ICT DIRECTORATE